The art of speaking (Record no. 8220)
[ view plain ]
| 000 -LEADER | |
|---|---|
| fixed length control field | 00772nam a2200277 a 4500 |
| 001 - CONTROL NUMBER | |
| JCCL Control Number | 8220 |
| 003 - CONTROL NUMBER IDENTIFIER | |
| JCCL marc code | BD-JhCC |
| 005 - DATE AND TIME OF LATEST TRANSACTION | |
| control field | 20180219132313.0 |
| 008 - FIXED-LENGTH DATA ELEMENTS--GENERAL INFORMATION | |
| fixed length control field | 180219s1966 maua 001 0 eng d |
| 035 ## - SYSTEM CONTROL NUMBER | |
| system control number | (BD-JhCC)8220 |
| 035 ## - SYSTEM CONTROL NUMBER | |
| system control number | (OCoLC)4866268 |
| 040 ## - CATALOGING SOURCE | |
| Original cataloging agency | BD-JhCC |
| Transcribing agency | MnStclS |
| Modifying agency | BD-JhCC |
| -- | DLC |
| 041 ## - LANGUAGE CODE | |
| Language code of Book | eng |
| 050 00 - LIBRARY OF CONGRESS CALL NUMBER | |
| Classification number | PN4121 |
| Item number | .E47 1966 |
| 082 ## - DEWEY DECIMAL CLASSIFICATION NUMBER | |
| Classification number | 808.51 |
| Author mark and Year | ELS 1955 |
| 100 1# - MAIN ENTRY--PERSONAL NAME | |
| Personal name | Elson, E. Floyd. |
| 245 14 - TITLE STATEMENT | |
| Title | The art of speaking |
| Statement of responsibility, etc | [by] E.F. Elson [and] Alberta Peck, with George Willey [and others] |
| 250 ## - EDITION STATEMENT | |
| Edition statement | 2d rev. ed. |
| 260 ## - PUBLICATION, DISTRIBUTION, ETC. (IMPRINT) | |
| Place of publication, distribution, etc | [Boston] |
| Name of publisher, distributor, etc | Ginn |
| Date of publication, distribution, etc | [1966] |
| 300 ## - PHYSICAL DESCRIPTION | |
| Pagination | vi, 602 p. |
| Other physical details | illus. |
| Dimensions | 24 cm. |
| 504 ## - BIBLIOGRAPHY, ETC. NOTE | |
| Bibliography, etc | Includes Index |
| 650 #0 - SUBJECT ADDED ENTRY--TOPICAL TERM | |
| Topical term or geographic name as entry element | Public speaking. |
| 700 1# - ADDED ENTRY--PERSONAL NAME | |
| Personal name | Peck, Alberta, |
| 942 ## - ADDED ENTRY ELEMENTS (KOHA) | |
| Source of classification or shelving scheme | Dewey Decimal Classification |
| Koha item type | Books |
| Source of classification or shelving scheme | Damaged status | Not for loan | Home library | Current library | Shelving location | Date of accession | Total Checkouts | Full call number | Barcode | Date last seen | Copy number | Koha item type |
|---|---|---|---|---|---|---|---|---|---|---|---|---|
| Dewey Decimal Classification | JCC Rouf Library | JCC Rouf Library | General Stacks | 02/19/2018 | 808.51 ELS 1955 | 801 | 02/19/2018 | C-1 | Books |